A Book of Easy Way to Learn English/ (Record no. 213032)

MARC details
000 -LEADER
fixed length control field 00616nam a22001817a 4500
005 - DATE AND TIME OF LATEST TRANSACTION
control field 20250820123102.0
010 ## - LCCN (DPL NO)
LC control number ENG-146479
020 ## - INTERNATIONAL STANDARD BOOK NUMBER
International Standard Book Number 9789360620387
Terms of availability 350.00
035 ## - SYSTEM CONTROL NUMBER
System control number EN-130011
037 ## - SOURCE OF ACQUISITION
Stock number DBAD
Source of stock number/acquisition DPL
082 ## - DEWEY DECIMAL CLASSIFICATION NUMBER
Classification number 425
Edition number 1
100 ## - MAIN ENTRY--PERSONAL NAME
Personal name Prasad, Jagdish
245 ## - TITLE STATEMENT
Title A Book of Easy Way to Learn English/
Statement of responsibility, etc Jagdish Prasad
260 ## - PUBLICATION, DISTRIBUTION, ETC. (IMPRINT)
Place of publication, distribution, etc Delhi.
Name of publisher, distributor, etc Educational Publishing House
Date of publication, distribution, etc 2024
270 ## - ADDRESS
Address D1/16, Ansari Road, Darya Ganj
City New Delhi
Postal code 110002
Telephone number 011-45678203
-- 011-45678285
-- 011-45678286
Electronic mail address info@ephbooks.com
300 ## - PHYSICAL DESCRIPTION
Extent 115p
Other physical details 21cm.(pb.)
942 ## - ADDED ENTRY ELEMENTS (KOHA)
Source of classification or shelving scheme Dewey Decimal Classification
Item type English Books
Edition 2008
Classification part 425
Call number suffix PRA
Holdings
Withdrawn status Lost status Not for loan Collection code Home library Current library Date acquired Source of acquisition Cost, normal purchase price Full call number Barcode Copy number Cost, replacement price Koha item type
    Not For Loan Non-fiction Bawana Bawana 20/08/2025 Delivery of Books Act Division 350.00 425 PRA EN-130011 1 350.00 English Books

© Delhi Public Library
Hit Counter
free hit counter